Commercial experience with controlled upward tapping: Comparison of continuous with yearly panel-charging systems (Record no. 55877)

MARC details
000 -LEADER
fixed length control field 00443nam a2200121Ia 4500
100 ## - MAIN ENTRY--AUTHOR NAME
Personal name Beng Goh Cheng
245 #0 - TITLE STATEMENT
Title Commercial experience with controlled upward tapping: Comparison of continuous with yearly panel-charging systems
260 ## - PUBLICATION, DISTRIBUTION, ETC. (IMPRINT)
Name of publisher Proceedings of the Rubber Research Institute of Malaysia, Rubber Growers Conference 1986
Year of publication 1986
300 ## - PHYSICAL DESCRIPTION
Number of Pages 144-173
650 ## - SUBJECT ADDED ENTRY--TOPICAL TERM
Topical Term CUT
942 ## - ADDED ENTRY ELEMENTS (KOHA)
Koha item type Journals
Holdings
Withdrawn status Lost status Damaged status Not for loan Home library Current library Date acquired Koha item type
      Journals RRII Library RRII Library 17/12/2021 Journals